Detalles MARC
| 000 -LEADER |
| fixed length control field |
01387nam a2200349 a 4500 |
| 001 - CONTROL NUMBER |
| control field |
000013885 |
| 003 - CONTROL NUMBER IDENTIFIER |
| control field |
DO-SdBNP |
| 005 - DATE AND TIME OF LATEST TRANSACTION |
| control field |
20160426143817.0 |
| 007 - PHYSICAL DESCRIPTION FIXED FIELD--GENERAL INFORMATION |
| fixed length control field |
000013885 |
| 008 - FIXED-LENGTH DATA ELEMENTS--GENERAL INFORMATION |
| fixed length control field |
091120s2014 dr a 000 0 spa d |
| 020 ## - INTERNATIONAL STANDARD BOOK NUMBER |
| International Standard Book Number |
994549550X |
| 040 ## - CATALOGING SOURCE |
| Original cataloging agency |
BPMSU |
| Language of cataloging |
spa |
| Transcribing agency |
BPMSU |
| 092 ## - LOCALLY ASSIGNED DEWEY CALL NUMBER (OCLC) |
| Classification number |
xxxx |
| Item number |
C965c |
| 100 1# - MAIN ENTRY--PERSONAL NAME |
| Personal name |
Cuello Orbe, Elisa Ysabel del |
| 245 10 - TITLE STATEMENT |
| Title |
Capullito 1 : |
| Remainder of title |
nivel inicial / |
| Statement of responsibility, etc. |
Cuello del Orbe Elisa Ysabel ; ilustraciones Henry Cid |
| 250 ## - EDITION STATEMENT |
| Edition statement |
6a. ed. rev. y act. |
| 260 ## - PUBLICATION, DISTRIBUTION, ETC. (IMPRINT) |
| Place of publication, distribution, etc. |
Santo Domingo : |
| Name of publisher, distributor, etc. |
Actualidad escolar 2000, |
| Date of publication, distribution, etc. |
2014. |
| 300 ## - PHYSICAL DESCRIPTION |
| Extent |
2v. : |
| Other physical details |
il. ; |
| Dimensions |
22 cm. |
| 490 1# - SERIES STATEMENT |
| Series statement |
Araya |
| 500 ## - GENERAL NOTE |
| General note |
La biblioteca posee el nivel 1 |
| 500 ## - GENERAL NOTE |
| General note |
Este libro ha sido realizado de acuerdo al curriculum vigente y ha sido sometido a la evaluación y aprobación de la MINERD,(Ministerio de Educación República Dominicana ) |
| 505 ## - FORMATTED CONTENTS NOTE |
| Miscellaneous information |
v. 1: |
| Title |
Vamos a la escuela -- |
| -- |
Pinocho -- |
| -- |
Soy dominicano -- |
| -- |
La ensalada de la abuela -- |
| -- |
La abeja Lotty -- |
| -- |
Viaje al universo -- |
| 700 12 - ADDED ENTRY--PERSONAL NAME |
| Personal name |
Cid, Henry, |
| Relator term |
il. |
| 830 #0 - SERIES ADDED ENTRY--UNIFORM TITLE |
| Uniform title |
Araya |
| 930 #1 - EQUIVALENCE OR CROSS-REFERENCE-UNIFORM TITLE HEADING [LOCAL, CANADA] |
| Language of a work |
BND01 |
| Medium of performance for music |
LF1 |
| Field link and sequence number |
20091204 |
| Date of a work |
04 |
| Name of part/section of a work |
CT |
| Miscellaneous information |
8019 |
| 930 #1 - EQUIVALENCE OR CROSS-REFERENCE-UNIFORM TITLE HEADING [LOCAL, CANADA] |
| Language of a work |
BND01 |
| Medium of performance for music |
LF1 |
| Field link and sequence number |
20091120 |
| Date of a work |
01 |
| Name of part/section of a work |
CT |
| Miscellaneous information |
8019 |
| 942 ## - ADDED ENTRY ELEMENTS (KOHA) |
| Source of classification or shelving scheme |
Dewey Decimal Classification |
| Koha item type |
Libros |
| 956 ## - LOCAL ELECTRONIC LOCATION AND ACCESS (OCLC) |
| Host name |
BTAVAREZ |
| Access number |
10 |
| Compression information |
20091204 |
| Logon |
BND01 |
| Processor of request |
1045 |
| 956 ## - LOCAL ELECTRONIC LOCATION AND ACCESS (OCLC) |
| Host name |
VMATEO |
| Access number |
10 |
| Compression information |
20150520 |
| Logon |
BMET02 |
| Processor of request |
00151 |
| 956 ## - LOCAL ELECTRONIC LOCATION AND ACCESS (OCLC) |
| Host name |
VMATEO |
| Access number |
10 |
| Compression information |
20150728 |
| Logon |
BPMSU |
| Processor of request |
00151 |
| 956 ## - LOCAL ELECTRONIC LOCATION AND ACCESS (OCLC) |
| Host name |
LOPEREZ |
| Access number |
10 |
| Compression information |
20160426 |
| Logon |
BPMSU |
| Processor of request |
00041 |